zpět

Detail výsledku týmu

Bridge Bar, Týn nad Vltavou

Datum a čas kvízu

19 Celkem bodů Celkový počet nahraných bodů na tomto kvízu bez doplňovacích otázek.
16. Pořadí na kvízu Konečné umístění týmu na tomto kvízu.

Zaznamenané odpovědi

# Otázka Odpověď Body Výsledky
1. Která obec na Českokrumlovsku... Frymburk 0
2. Farmáři z australského Nového... borůvka 1
3. Minulý týden byla přidána na... berlínské techno 1
4. Některé provozovny jistého řet... McDonald's 0
5. Minulý týden se stala jedna ne... Jaromír Jágr 1
6. Téma začneme v Evropě. Seřaďte... 1A 2C 3D 4B 0
7. Vůdcem Kuby byl několik deseti... Raúl 0
8. Jak se jmenuje tento živočich... fosa 1
9. Celkově kolikátou nejlidnatějš... 4. nejlidnatější 0
10. Jak se jmenuje ostrovní stát,... Papua Nová Guinea 0